Представление документа в формате MARC21

Поле Инд. ПП Название Значение
Тип записи a
Библиографический уровень m
001 Контрольный номер RU/LIBMSTU/437745210
005 Дата корректировки 20190904114719.1
008 Кодируемые данные 131114|||||||||ru |||||||||||000|||rus||
020 a ISBN 978-5-906157-06-5
040 b Код языка каталог. rus
041 0_ a Код языка текста rus
084 a Индекс другой классификации/Индекс ББК 65.263+65.5
090 a Полочн. индекс 65.263
x Авторский знак М 77
245 10 a Заглавие Мониторинг взаимных инвестиций в странах СНГ
b Продолж. заглавия доклад
c Ответственность Центр интеграц. исслед., Евраз. Банк Развития
n Номер части/ раздела № 15
260 a Место издания Санкт-Петербург
b Издательство ЦИИ ЕАБР
c Дата издания 2013
300 a Объем 52, [4] с.
b Иллюстрации/ тип воспроизводства ил.
504 a Библиография Библиогр.: с. 49-52
650 04 a Основная рубрика Инвестиции-Страны СНГ
651 _4 a Географическое наименование Страны СНГ
653 0_ a Ключевые слова Инвестиции; Интеграция экономическая; Международные экономические отношения; Экономика стран СНГ
700 12 a Другие авторы Кузнецов А. В.
e Роль лиц авт.
700 1_ a Другие авторы Квашнин Ю. Д.
e Роль лиц авт.
700 1_ a Другие авторы Гутник А. В.
e Роль лиц авт.
901 t Тип документа m